Т. 91, вып. 9-10; Письма в Журнал экспериментальной и теоретической физики

Detaylı Bibliyografya
Parent link:Письма в Журнал экспериментальной и теоретической физики: научно-теоретический журнал/ Российская академия наук. Т. 91, вып. 9-10.— , 1970-
Dil:Rusça
Baskı/Yayın Bilgisi: 2010
Materyal Türü: MixedMaterials Kitap
KOHA link:https://koha.lib.tpu.ru/cgi-bin/koha/opac-detail.pl?biblionumber=427085

MARC

LEADER 00000nam2a2200000 4500
001 427085
005 20231101074623.0
035 |a (RuTPU)RU\TPU\prd\86203 
090 |a 427085 
100 |a 20100903a19659999k y0rusy50 ca 
101 0 |a rus 
102 |a RU 
200 0 |a Т. 91, вып. 9-10 
210 |d 2010 
461 1 |0 (RuTPU)RU\TPU\prd\1483  |t Письма в Журнал экспериментальной и теоретической физики  |o научно-теоретический журнал  |f Российская академия наук  |v Т. 91, вып. 9-10  |d 1970- 
801 0 |a RU  |b 63413507  |c 20010227  |g PSBO 
801 1 |a RU  |b 63413507  |c 20100903 
801 2 |a RU  |b 63413507  |c 20201106  |g RCR 
942 |c BK 
999 |a НТБ_ТПУ  |b НФ  |e -1/20100108  |p П-770аб  |s 5/20090907  |u 0,00  |v 1